Statistics for AC Milan Placements in Serie A by Year

Click here to take the quiz!

General Stats

  • This quiz has been taken 11 times
  • The average score is 77 of 89

Answer Stats

Season Placement % Correct
1899 - 1929won 3 titles
100%
1988 - 19893 °
91%
1987 - 19881 °
91%
1985 - 19867 °
91%
1989 - 19902 °
91%
1986 - 19875 °
91%
1990 - 19912 °
91%
1993 - 19941 °
91%
1992 - 19931 °
91%
1991 - 19921 °
91%
1984 - 19855 °
91%
1983 - 19846 °
91%
1977 - 19784 °
91%
1976 - 197710 °
91%
1975 - 19763 °
91%
1978 - 19791 °
91%
1979 - 1980 (declassed)15 °
91%
1982 - 1983 (Serie B)1 °
91%
1981 - 198214 °
91%
1980 - 1981 (Serie B)1 °
91%
1994 - 19954 °
91%
1995 - 19961 °
91%
2011 - 20122 °
91%
2010 - 20111 °
91%
2009 - 20103 °
91%
2008 - 20093 °
91%
2012 - 20133 °
91%
2013 - 20148 °
91%
2016 - 2017ongoing
91%
2015 - 20167 °
91%
2014 - 201510 °
91%
2007 - 20085 °
91%
2006 - 20074 °
91%
1999 - 20003 °
91%
1998 - 19991 °
91%
1997 - 199810 °
91%
1996 - 199711 °
91%
2000 - 20016 °
91%
2001 - 20024 °
91%
2005 - 2006 (declassed)3 °
91%
2004 - 20052 °
91%
2003 - 20041 °
91%
2002 - 20033 °
91%
1974 - 19755 °
82%
1973 - 19747 °
82%
1972 - 19732 °
82%
1943 - 1944not held
82%
1942 - 19436 °
82%
1941 - 19429 °
82%
1940 - 19413 °
82%
1944 - 1945not held
82%
1945 - 19463 °
82%
1948 - 19493 °
82%
1947 - 19482 °
82%
1946 - 19474 °
82%
1939 - 19408 °
82%
1938 - 19399 °
82%
1932 - 193311 °
82%
1931 - 19324 °
82%
1930 - 193112 °
82%
1929 - 193011 °
82%
1933 - 19349 °
82%
1934 - 193510 °
82%
1937 - 19383 °
82%
1936 - 19374 °
82%
1935 - 19368 °
82%
1949 - 19502 °
82%
1950 - 19511 °
82%
1965 - 19667 °
82%
1964 - 19652 °
82%
1963 - 19643 °
82%
1962 - 19633 °
82%
1966 - 19678 °
82%
1967 - 19681 °
82%
1970 - 19712 °
82%
1969 - 19704 °
82%
1968 - 19693 °
82%
1961 - 19621 °
82%
1960 - 19612 °
82%
1954 - 19551 °
82%
1953 - 19543 °
82%
1952 - 19533 °
82%
1951 - 19522 °
82%
1955 - 19562 °
82%
1956 - 19571 °
82%
1959 - 19603 °
82%
1958 - 19591 °
82%
1957 - 19589 °
82%
1971 - 19722 °
82%

Score Distribution

Percentile by Number Answered

Percent of People with Each Score

Your Score History

You have not taken this quiz